Caricamento...

AGE OF IRON AND THE RELIGIOUS REVOLUTION C.700-C.350BC

Dettagli Bibliografici
Autore principale: KRISHNA MOHAN SHRIMALI
Natura: Printed Book
Pubblicazione:
Soggetti:
LEADER 00664nam a2200229 4500
020 |c 0.0 
082 |a 934.02 AGE/KRI 
100 |a KRISHNA MOHAN SHRIMALI 
245 |a AGE OF IRON AND THE RELIGIOUS REVOLUTION C.700-C.350BC  |h ENGLISH 
250
260 |c   
300
500 |a   
501 |a Text Book 
538
590
630
650 |a AGE OF IRON AND THE RELIGIOUS REVOLUTION C.700-C.350BC 
700
942 |c BK 
999 |c 178703  |d 178703 
952 |0 0  |1 0  |4 0  |6 934_020000000000000_AGE_KRI  |7 0  |9 192066  |a AGY  |b AGY  |g 0.00  |l 0  |o 934.02 AGE/KRI  |p AGY2912  |r 2019-10-25  |w 2019-10-25  |y BK